000 00312nam a2200097Ia 4500
008 220204s9999 xx 000 0 und d
082 _a681.2:5
_bSPE
245 0 _aSpecialized instruments and equipment available in CSIR laboratories and co-operative research associates
260 _aDelhi
_bCSIR
_c1965
942 _cBK
999 _c21504
_d21504